000
00299nam a22001337a 4500
008
170531b xxu||||| |||| 00| 0 eng d
020
_a
020694882600400000000013
041
_a
eng
080
_a
93
100
_a
17
101
_a
shh
245
_a
A HISTORY OF BRITAIN
_c
SCHAMA, S
942
_2
udc
_c
BK
999
_c
15103
_d
15103